000 00215nam a22000857a 4500
008 160912b xxu||||| |||| 00| 0 eng d
100 _9358
_aNCERT
245 _aTeaching of Social Science
260 _aNew Delhi
_bNCERT
_c2006
999 _c3017
_d3017